|
|
|
|
| LEADER |
00997nam a2200253 a 4500 |
| 001 |
14096244 |
| 008 |
101004r2006 inu 001 0 eng d |
| 010 |
|
|
|a 2005933277
|
| 020 |
|
|
|a 0672328623 (pbk.)
|
| 020 |
|
|
|a 8131700445
|
| 040 |
|
|
|a UKM
|c UKM
|d BAKER
|d EYE
|d UPB
|d DLC
|d BD-DhAAL
|
| 082 |
0 |
0 |
|a 005.13/3
|2 22
|
| 100 |
1 |
|
|a Beazley, David M.
|
| 245 |
1 |
0 |
|a Python essential reference /
|c David M. Beazley.
|
| 250 |
|
|
|a 3rd ed.
|
| 260 |
|
|
|a Indianapolis, Ind. :
|b Sams ;
|a London :
|b Pearson Education [distributor],
|c 2006.[Reprinted]
|
| 300 |
|
|
|a xiii, 625 p. ;
|c 23 cm.
|
| 500 |
|
|
|a Includes index.
|
| 500 |
|
|
|a Previous ed.: Indianapolis, Ind.: New Riders, 2001.
|
| 541 |
1 |
|
|e 00021251
|
| 650 |
|
0 |
|a Python (Computer program language)
|
| 852 |
4 |
|
|a Ayesha Abed Library
|j General shelf
|
| 999 |
|
|
|c 9636
|d 9636
|
| 952 |
|
|
|0 0
|1 0
|2 ddc
|4 0
|6 005_133000000000000_BEA_2006
|7 0
|9 12273
|a BRACUL
|b BRACUL
|c GEN
|d 2010-10-05
|g 446.25
|l 11
|m 148
|o 005.133 BEA
|p 3010021251
|q 2023-04-13
|r 2022-03-03
|s 2022-03-03
|t 1
|w 2010-10-05
|y BK
|